00679nam a2200205 a 4500001001000000003000500010005001700015008004100032010001100073011001100084020001800095040000900113082001700122245010400139260007700243300001800320650002700338650004100365710006700406000111899CHAP20220329144234.0150930s2014 mx a |r| |||0|||spa d a108360 a109332 a9786079350031 cCHAP04a630.972bA8800aAtlas agroalimentario :bMéxico 2014 /cpor Servicio de Información Agroalimentaria y Pesquera. aMéxico :bServicio de Información Agroalimentaria y Pesquera,c2014. a193 p. :bil.14aAgriculturazMéxico.14aAlimentosxAbastecimientoxMéxico.2 aServicio de Información Agroalimentaria y Pesquera. México